[Event "Dubrovnik Advent op"]
[Site "Dubrovnik"]
[Date "2023.12.01"]
[Round "1"]
[White "Nikolic, Nebojsa"]
[Black "Zaninovic, Mario"]
[Result "1-0"]
[WhiteElo "2245"]
[BlackElo "1612"]
[PlyCount "51"]
[EventDate "2023.12.01"]
[EventType "swiss"]
[EventRounds "6"]
[EventCountry "CRO"]
[SourceTitle "CB49_2023"]
[SourceDate "2023.12.06"]
[SourceVersion "1"]
[SourceVersionDate "2023.12.06"]
[SourceQuality "1"]

1. b3 Nc6 2. Bb2 e5 3. e3 Bb4 4. a3 Ba5 5. c4 a6 6. b4 Bb6 7. c5 Ba7 8. d4 exd4 9. exd4 f6 10. Bd3 Qe7+ 11. Ne2 Nh6 12. Qc2 g6 13. 0-0 d6 14. Ng3 0-0 15. Nd2 d5 16. Rae1 Qf7 17. f4 Ne7 18. Nf3 Bf5 19. Nxf5 Nexf5 20. g4 Nxg4 21. Bxf5 gxf5 22. Qxf5 Qg6 23. Nh4 Qxf5 24. Nxf5 h5 25. h3 Kh7 26. hxg4 1-0

[Event "Hvar Arsenal blitz op 2nd"]
[Site "Hvar"]
[Date "2023.10.19"]
[Round "9"]
[White "Rama, Lorenc"]
[Black "Zaninovic, Mario"]
[Result "1-0"]
[WhiteElo "2077"]
[BlackElo "1636"]
[PlyCount "42"]
[EventDate "2023.10.19"]
[EventType "swiss (blitz)"]
[EventRounds "11"]
[EventCountry "CRO"]
[SourceTitle "Mega2024 Update 01"]
[Source "Chessbase"]
[SourceDate "2023.11.12"]
[SourceVersion "1"]
[SourceVersionDate "2023.11.12"]
[SourceQuality "1"]

1. c4 e5 2. Nc3 Nc6 3. Nf3 Nf6 4. e4 Bc5 5. Nxe5 Nxe5 6. d4 d6 7. dxc5 dxc5 8. Qxd8+ Kxd8 9. Be3 b6 10. 0-0-0+ Ke7 11. h3 Be6 12. Nd5+ Bxd5 13. exd5 Ne4 14. Re1 Kf6 15. Bf4 Kf5 16. Bxe5 Nxf2 17. Rg1 Rhe8 18. Bc3 Ne4 19. Bd3 Re7 20. Rgf1+ Kg6 21. Bxe4+ f5 1-0

[Event "Krapina op 11th"]
[Site "Krapina"]
[Date "2023.01.15"]
[Round "7"]
[White "Hajdinic, Ema"]
[Black "Zaninovic, Mario"]
[Result "1-0"]
[WhiteElo "1691"]
[BlackElo "1600"]
[PlyCount "41"]
[EventDate "2023.01.13"]
[EventType "swiss"]
[EventRounds "7"]
[EventCountry "CRO"]
[SourceTitle "CBM 212 Extra"]
[Source "ChessBase"]
[SourceDate "2023.03.31"]
[SourceVersion "1"]
[SourceVersionDate "2023.03.31"]
[SourceQuality "1"]

1. e4 e5 2. Nf3 Nc6 3. Nc3 Bc5 4. Nxe5 Nxe5 5. d4 d6 6. dxc5 dxc5 7. Qxd8+ Kxd8 8. Bf4 f6 9. 0-0-0+ Ke8 10. Nb5 Kf7 11. Nxc7 Rb8 12. Bxe5 fxe5 13. Bc4+ Kg6 14. Bxg8 Rxg8 15. Nd5 Re8 16. Nc7 Rf8 17. Rd6+ Kg5 18. f3 Rf7 19. Nd5 Rd7 20. h4+ Kh5 21. g4# 1-0